A primer of ecological stastistics (Record no. 2116)

MARC details
000 -LEADER
fixed length control field 00535nam a2200205Ia 4500
003 - CONTROL NUMBER IDENTIFIER
control field OSt
005 - DATE AND TIME OF LATEST TRANSACTION
control field 20220107122650.0
008 - FIXED-LENGTH DATA ELEMENTS--GENERAL INFORMATION
fixed length control field 130318s9999 xx 000 0 und d
020 ## - INTERNATIONAL STANDARD BOOK NUMBER
International Standard Book Number 9780878932696
040 ## - CATALOGING SOURCE
Transcribing agency IIITMK
082 ## - DEWEY DECIMAL CLASSIFICATION NUMBER
Classification number 577.015195 GOT/A;1
100 ## - MAIN ENTRY--PERSONAL NAME
Personal name Gotelli, Nicholas J
9 (RLIN) 15020
245 ## - TITLE STATEMENT
Title A primer of ecological stastistics
260 ## - PUBLICATION, DISTRIBUTION, ETC.
Name of publisher, distributor, etc. Sinauer Associates
Place of publication, distribution, etc. Sunderland
Date of publication, distribution, etc. 2004
300 ## - PHYSICAL DESCRIPTION
Extent 510
650 ## - SUBJECT ADDED ENTRY--TOPICAL TERM
Topical term or geographic name entry element ECOLOGY
9 (RLIN) 15021
650 ## - SUBJECT ADDED ENTRY--TOPICAL TERM
Topical term or geographic name entry element STATISTICS
9 (RLIN) 15022
700 ## - ADDED ENTRY--PERSONAL NAME
Personal name Ellison, Aaron M
9 (RLIN) 15023
942 ## - ADDED ENTRY ELEMENTS (KOHA)
Source of classification or shelving scheme Dewey Decimal Classification
Koha item type Books
Holdings
Withdrawn status Lost status Damaged status Not for loan Collection code Home library Current library Shelving location Date acquired Cost, normal purchase price Total Checkouts Total Renewals Full call number Barcode Date last seen Date last checked out Price effective from Koha item type
        Ecological Statistics Kerala University of Digital Sciences, Innovation and Technology Knowledge Centre Kerala University of Digital Sciences, Innovation and Technology Knowledge Centre Ecology 18/03/2013 2222.00 10   577.015195 GOT/A;1 2133 11/07/2022 23/06/2022 18/03/2013 Books